Estados financieros de las sociedades anónimas

Guardat en:
Dades bibliogràfiques
Autors principals: Bosch Bousquet, Julio (Autor), Vargas Valdivia, Luis (Autor)
Format: Llibre
Idioma:espanyol
Publicat: Santiago Sociedad Editora de Literatura Contable 1982
Edició:2a. ed
Matèries:
Etiquetes: Afegir etiqueta
Sense etiquetes, Sigues el primer a etiquetar aquest registre!

MARC

LEADER 00000nam a2200000 a 4500
001 UCW2741
003 CL-VaPUC
008 890613e19820000CL |||||||||||||||||spa|d
082 0 4 |a 657.3  |b BOS  |2 21 
100 0 |a Bosch Bousquet, Julio  |e author  |9 307001 
700 0 |a Vargas Valdivia, Luis  |e author  |9 307002 
245 1 0 |a Estados financieros de las sociedades anónimas 
250 |a 2a. ed 
300 |a 244 p 
942 |c BK 
945 |d 19890613 00:00:00 
260 |a Santiago  |b Sociedad Editora de Literatura Contable  |c 1982 
650 7 |a FINANZAS SOCIEDADES ANONIMAS  |2 CL-VaPUC  |9 307003 
583 |a last modification  |c 19890613 00:00:00  |k Rodrigo Vera 
999 |c 217199  |d 217197 
952 |0 0  |1 0  |4 0  |6 657_300000000000000_BOS_1982  |7 0  |8 A  |9 204146  |a BIBGIM  |b BIBGIM  |d 2019-11-15  |i 2713632  |o 657.3 BOS 1982  |p 2713632  |r 2025-01-15  |w 2019-11-15  |y BK  |k COM 
952 |0 0  |1 0  |4 0  |6 657_300000000000000_BOS_1982  |7 0  |8 A  |9 204147  |a BIBGIM  |b BIBGIM  |d 2019-11-15  |i 1946080  |o 657.3 BOS 1982  |p 1946080  |r 2025-01-15  |w 2019-11-15  |y BK  |k COM